The road less traveled [ part III religion & grace

Bibliographic Details
Main Author: Peck, M.Scott
Format: Book
Published: New York : Simon & Schuster , 1987
Subjects:

MARC

LEADER 00000cam a2200000 7i4500
001 0000001402
002 000001542
005 20021108.0
020 |a 0671634682 
090 0 0 |a 158   |b PEC 
100 1 |a Peck, M.Scott 
245 1 4 |a The road less traveled [  |h sound recording] :   |b part III religion & grace   |c M. Scott Peck 
260 |a New York :   |b Simon & Schuster ,   |c 1987 
300 |a 1 sound cassette [90 minutes] 
650 0 0 |a Self relization   |x Self fulfillment 
999 |a 00008   |b KASET   |c KOLEKSI AUDIO VIDEO   |e PERPUSTAKAAN KOMUNITI PETALING JAYA